| 000 -LEADER |
| fixed length control field |
01670pab a2200169 454500 |
| 008 - FIXED-LENGTH DATA ELEMENTS--GENERAL INFORMATION |
| fixed length control field |
180718b2004 xxu||||| |||| 00| 0 eng d |
| 100 ## - MAIN ENTRY--PERSONAL NAME |
| Personal name |
Frickel, Scott |
| 245 ## - TITLE STATEMENT |
| Title |
Building environmental states: legitimacy and rationalization in sustainability governance |
| 260 ## - PUBLICATION, DISTRIBUTION, ETC. |
| Date of publication, distribution, etc. |
2004 |
| 300 ## - PHYSICAL DESCRIPTION |
| Extent |
p.89-110. |
| 362 ## - DATES OF PUBLICATION AND/OR SEQUENTIAL DESIGNATION |
| Dates of publication and/or sequential designation |
Mar |
| 520 ## - SUMMARY, ETC. |
| Summary, etc. |
This article explores the potential for nation-states to become substantial contributors to sustainability governance. This potential resides in the ability of nation-states to make environmental protection a basic goal, in part by committing institutional resources toward the formation and implementation of substantive actions perceived necessary for long-term environmental sustainability. Existing research suggests that nation-states undertake environmental action in order to maintain legitimacy in the face of political pressure. While the maintenance of legitimacy is necessary, we argue that a substantive state role in sustainability governance is also dependent upon the rationalization of state environmental roles. Further, rationalization can be fostered through the enrichment of embedded state-societal networks with two key actors in civil society: environmental justice movements and environmental knowledge professionals. This article develops a conceptual framework that grounds sustainability efforts in rationalization processes and examines the synergistic potential for these two social actors to help build states that institute fundamental environmental reform. - Reproduced. |
| 650 ## - SUBJECT ADDED ENTRY--TOPICAL TERM |
| Topical term or geographic name entry element |
Environmental legislation |
| 700 ## - ADDED ENTRY--PERSONAL NAME |
| Personal name |
Davidson, Debra J. |
| 773 ## - HOST ITEM ENTRY |
| Main entry heading |
International Sociology |
| 909 ## - |
| -- |
60072 |